000 01883cam a2200289Mi 4500
999 _c6023
_d6023
001 on1055564472
003 TZ-ArACH
005 20200923231604.0
008 181003s2017 ne 000 0 eng d
020 _a9789211573183
020 _a9211573181
029 0 _aNLGGC
_b419836470
035 _a(OCoLC)1055564472
040 _aNLGGC
_beng
_erda
_cTZ-ArACH
_dOCLCO
041 0 _aeng
_afre
049 _aTZAA
050 _aKF27
_b.I58 2017 (Apr.)
245 0 0 _aApplication de la Convention internationale pour la répression du financement du terrorisme et de la Convention internationale sur l'élimination de toutes les formes de discrimination raciale (Ukraine c. Fédération de Russie) : = Application of the International Convention for the Suppression of the Financing of Terrorism and of the International Convention on the Elimination of All Forms of Racial Discrimination (Ukraine v. Russian Federation) :
_bdemande en indication de mesures conservatoires, ordonnance du 19 avril 2017 = request for the indication of provisional measures, order of 19 April 2017 / /
_cCour internationale de justice = International Court of Justice.
246 3 _aApplication of the International Convention for the Suppression of the Financing of Terrorism and of the International Convention on the Elimination of All Forms of Racial Discrimination (Ukraine v. Russian Federation)
260 _a[The Hague] :
_bInternational Court of Justice,
_c2017.
300 _aPages 103-223 ;
_c25 cm.
490 0 _aReports of judgments, advisory opinions and orders =
_aRecueil des arrêts, avis consultatifs et ordonnances,
_x0074-4441 ;
_vsales no. 1120 (2017)
546 _aText in English and French. - Double paginated.
710 2 _aInternational Court of Justice.
_4pbl
830 0 _aRecueil des arrêts, avis consultatifs et ordonnances ;
_vsales no. 1120 (2017).
942 _2lcc
_cBOOK